Finansowanie swiadczen spolecznych Problemy i metody. Praca zbiorowa

Uložené v:
Podrobná bibliografia
Ďalší autori: Chechlinski, Janusz
Médium: Kniha
Jazyk:Polish
Vydavateľské údaje: Warszawa Wyd. Ekon. 1989
Vydanie:1. wyd.
Tagy: Pridať tag
Žiadne tagy, Buďte prvý, kto otaguje tento záznam!

MARC

LEADER 00000nam a2200000 4500
001 c030010
005 20221215130110.9
041 0 |a pol 
044 |a PL 
245 1 0 |a Finansowanie swiadczen spolecznych  |b Problemy i metody. Praca zbiorowa  |c Red. Janusz Chechlinski 
250 |a 1. wyd. 
264 1 |a Warszawa  |b Wyd. Ekon.  |c 1989 
300 |a 350 s. 
700 1 |a Chechlinski, Janusz